Central Library OPAC University of Rajshahi

Education for all : (Record no. 60849)

MARC details
000 -LEADER
fixed length control field 00716nam a2200205 a 4500
001 - CONTROL NUMBER
control field 60849
003 - CONTROL NUMBER IDENTIFIER
rucl marc code BD-RjUL
005 - DATE AND TIME OF LATEST TRANSACTION
control field 20211209080905.0
008 - FIXED-LENGTH DATA ELEMENTS--GENERAL INFORMATION
fixed length control field 170103s1968 bg ||||| |||| 00| 0 eng d
035 ## - SYSTEM CONTROL NUMBER
System control number (BD-RjUL)
040 ## - CATALOGING SOURCE
Original cataloging agency BD-RjUL
Language of cataloging eng
Transcribing agency BD-RjUL
Modifying agency BD-RjUL
041 ## - LANGUAGE CODE
Language code of text/sound track or separate title eng
082 ## - DEWEY DECIMAL CLASSIFICATION NUMBER
Edition number 23
Classification number 370.95492
Author mark and year EDU 1968
245 ## - TITLE STATEMENT
Title Education for all :
Remainder of title papers and proceedings of the symposia, East Pakistan Education Week, 1966-67 /
Statement of responsibility, etc. Ābadullāha Āla-Mūtī Sharafuddin
260 ## - PUBLICATION, DISTRIBUTION, ETC. (IMPRINT)
Place of publication, distribution, etc. Dacca :
Name of publisher, distributor, etc. Symposium Committee, East Pakistan Education Week,
Date of publication, distribution, etc. 1968
300 ## - PHYSICAL DESCRIPTION
Pagination 226 p. ;
Size 24 cm.
650 ## - SUBJECT ADDED ENTRY--TOPICAL TERM
Topical term or geographic name as entry element Education
Geographic subdivision Bangladesh
9 (RLIN) 178125
700 ## - ADDED ENTRY--PERSONAL NAME
Personal name Sharafuddin, Ābadullāha Āla-Mūtī
942 ## - ADDED ENTRY ELEMENTS (KOHA)
Source of classification or shelving scheme Dewey Decimal Classification
Koha item type Books
Holdings
Lost status Source of classification or shelving scheme Damaged status Not for loan Collection code Permanent Location Current Location Shelving location Date acquired Source of acquisition Total Checkouts Full call number Date last seen Copy number Koha item type
  Dewey Decimal Classification   Not For Loan Non-fiction Central Library, University of Rajshahi Central Library, University of Rajshahi Reading Room 28/10/1990 Shawkat osman   370.95492 EDU 1968 03/01/2017 C-1 Books